TEXTBOOK OF MEDICINAL CHEMISTRY (VOL-2) (Record no. 6910)

MARC details
000 -LEADER
fixed length control field 00467nam a22001817a 4500
005 - DATE AND TIME OF LATEST TRANSACTION
control field 20200607150115.0
008 - FIXED-LENGTH DATA ELEMENTS--GENERAL INFORMATION
fixed length control field 200607b xxu||||| |||| 00| 0 eng d
020 ## - INTERNATIONAL STANDARD BOOK NUMBER
ISBN 978-93-85915-50-5
041 ## - LANGUAGE CODE
Language code of text/sound track or separate title eng
082 ## - DEWEY DECIMAL CLASSIFICATION NUMBER
Classification number 615.19
100 ## - MAIN ENTRY--AUTHOR NAME
Personal name ALAGARSAMY, V
245 ## - TITLE STATEMENT
Title TEXTBOOK OF MEDICINAL CHEMISTRY (VOL-2)
250 ## - EDITION STATEMENT
Edition statement 3RD ED.
260 ## - PUBLICATION, DISTRIBUTION, ETC. (IMPRINT)
Place of publication DELHI
Name of publisher CBS PUBLISHERS AND DISTRIBUTORS PVT LTD.
300 ## - PHYSICAL DESCRIPTION
Number of Pages 568;p
650 ## - SUBJECT ADDED ENTRY--TOPICAL TERM
Topical Term PHARMACY
942 ## - ADDED ENTRY ELEMENTS (KOHA)
Koha item type Books
Holdings
Lost status Damaged status Collection code Home library Current library Shelving location Date acquired Source of acquisition Cost, normal purchase price Full call number Accession Number Koha item type
    PHARMACY JRU Library JRU Library SHELF-18-B 19/06/2020 PURCHESS 525.00 615.19 23818 Books
    PHARMACY JRU Library JRU Library SHELF-18-B 18/02/2021 PURCHES 595.00 615.19 25553 Books
    PHARMACY JRU Library JRU Library SHELF-18-B 18/02/2021 PURCHES 595.00 615.19 25554 Books
    PHARMACY JRU Library JRU Library SHELF-18-B 18/02/2021 PURCHES 595.00 615.19 25555 Books
    Reference JRU Library JRU Library SHELF-5-B 18/02/2021 PURCHES 595.00 615.19 25556 Books
    PHARMACY JRU Library JRU Library SHELF-18-B 18/02/2021 PURCHES 595.00 615.19 25557 Books
    PHARMACY JRU Library JRU Library SHELF-18-B 06/03/2021 PURCHES 595.00 615.19 25724 Books